Discografía Feid (Ferxxo) - Estadísticas

Estadísticas generales
  • Esta prueba ha sido intentada 230 veces
    177 desde el último reinicio
  • La puntuación promedio es 69 de 173
Estadísticas de respuestas
Feat. Respuesta % Correcto
FERXXOCALIPSIS ft. ATL Jacob LUNA
84%
FERXXOCALIPSIS ft. Young Miko CLASSY 101
79%
FELIZ CUMPLEAÑOS FERXXO TE PIRATEAMOS EL ÁLBUM - Feliz Cumpleaños Ferxxo
78%
FELIZ CUMPLEAÑOS FERXXO TE PIRATEAMOS EL ÁLBUM - Ferxxo 100
76%
MOR, NO LE TEMAS A LA OSCURIDAD ft. ICON FERXXO 151
74%
FEATURINGS ft. Mora LA INOCENTE
70%
MANIFESTING 20-05 ft. Yandel Brickell
68%
FEATURINGS ft. Bad Bunny PERRO NEGRO
68%
FEATURINGS ft. Yandel Yandel 150
68%
FELIZ CUMPLEAÑOS FERXXO TE PIRATEAMOS EL ÁLBUM - Normal
67%
FEATURINGS ft. Sky Rompiendo, Myke Towers El Cielo
66%
FEATURINGS ft, SAIKO, Quevedo, Mora POLARIS - Remix
66%
FERXXO (VOL 1: M.O.R) - X19X
66%
FERXXOCALIPSIS - ALAKRAN
64%
MOR, NO LE TEMAS A LA OSCURIDAD ft. Sean Paul Niña Bonita
63%
SIXDO ft. DJ Premier Le Pido a DIOS
62%
FERXXO (VOL 1: M.O.R) ft. Justin Quiles PORFA
62%
INTER SHIBUYA (FERXXO EDITION) ft. KAROL G FRIKI
61%
INTER SHIBUYA (FERXXO EDITION) ft. Ryan Castro Monastery
61%
FERXXOCALIPSIS - 50 PALOS
59%
FEATURINGS ft. Álvaro Díaz Llori Pari
59%
INTER SHIBUYA - LA MAFIA - FUMETEO
58%
FEATURINGS ft. Maluma Mojando Asientos
58%
MOR, NO LE TEMAS A LA OSCURIDAD - ROMÁNTICOS DE LUNES
57%
FERXXO (VOL 1: M.O.R) ft. Manuel Turizo BORRAXXA
55%
MOR, NO LE TEMAS A LA OSCURIDAD ft. Rema BUBALU
55%
MOR, NO LE TEMAS A LA OSCURIDAD - FERXXO 30
55%
INTER SHIBUYA (FERXXO EDITION) ft. Mora, Eladio Carrión FUMETEO - Remix
54%
FEATURINGS ft. Alejo. ROBI Pantysito
54%
FERXXO (VOL 1: M.O.R) - XX
54%
FERXXOCALIPSIS ft. Mañas Ru-Fino LA VUELTA
53%
FELIZ CUMPLEAÑOS FERXXO TE PIRATEAMOS EL ÁLBUM - Nieve
53%
FELIZ CUMPLEAÑOS FERXXO TE PIRATEAMOS EL ÁLBUM - X20X
53%
FERXXOCALIPSIS ft. Jhay P YO AK
53%
FEATURINGS ft. Dalex, Nicky Jam, Justin Quiles, Sech, Lenny Tavárez, Rafa Pabön Cuaderno
51%
FEATURINGS ft. Álvaro Díaz GATITAS SANDUNGUERAS VOL.1
51%
MOR, NO LE TEMAS A LA OSCURIDAD - LUCES DE TECNO
51%
FELIZ CUMPLEAÑOS FERXXO TE PIRATEAMOS EL ÁLBUM ft. Yandel XQ Te Pones Así
51%
INTER SHIBUYA - LA MAFIA ft. Sky Rompiendo CHIMBITA
50%
FERXXOCALIPSIS ft. Pirlo CUAL ES ESA
50%
FEATURINGS ft. Young Miko offline
50%
BAHÍA DUCATI ft. J Balvin, Maluma, Nicky Jam, Sech, Justin Quiles PORFA - Remix
50%
THE ACADEMY ft. Avengers Porno
50%
MOR, NO LE TEMAS A LA OSCURIDAD ft. Ryan Castro RITMO DE MEDALLO
50%
SIXDO - CHORRITO PA LAS ANIMAS
49%
FEATURINGS ft. J Balvin Doblexxó
49%
MOR, NO LE TEMAS A LA OSCURIDAD ft. Young Cister, Pailita el único tema del ferxxo
49%
FEATURINGS ft. Ozuna Hey Mor
49%
FEATURINGS ft. Rauw Alejandro Revolú
49%
INTER SHIBUYA - LA MAFIA - SI TÚ SUPIERAS
49%
FEATURINGS ft. Nicky Jam 69
47%
FELIZ CUMPLEAÑOS FERXXO TE PIRATEAMOS EL ÁLBUM - Castigo
47%
FERXXOCALIPSIS - ESQUIRLA
47%
FELIZ CUMPLEAÑOS FERXXO TE PIRATEAMOS EL ÁLBUM ft. Sky Rompiendo Quemando Calorías
47%
BAHÍA DUCATI - que putas
47%
FEATURINGS ft. Maisak SE ME OLVIDA
47%
FELIZ CUMPLEAÑOS FERXXO TE PIRATEAMOS EL ÁLBUM - Si Te La Encuentras Por Ahí
47%
SIXDO - California
46%
MOR, NO LE TEMAS A LA OSCURIDAD ft. Ñengo Flow GANGSTERS Y PISTOLAS
46%
SIXDO ft. Ak4:20, Taiko Malibu
46%
FEATURINGS ft. Yandel, Daddy Yankee Yankee 150
46%
FERXXO (VOL 1: M.O.R) - ATEO
45%
INTER SHIBUYA - LA MAFIA - CORONE
43%
FEATURINGS ft. Jhayco, Sech En La De Ella
43%
FEATURINGS ft. Gordo Hombres y Mujeres
43%
FEATURINGS ft. Tainy, Daddy Yankee, Sech LA BABY
43%
BAHÍA DUCATI - NEA
43%
MOR, NO LE TEMAS A LA OSCURIDAD ft. Cupido PRIVILEGIOS
43%
FEATURINGS ft. Blessd SI SABE FERXXO
43%
FEATURINGS ft. Polimá Westcoast, Pailita, Paloma Mami, De La Ghetto ULTRA SOLO REMIX
43%
INTER SHIBUYA (FERXXO EDITION) - VACAXIONES
43%
MOR, NO LE TEMAS A LA OSCURIDAD - VELOCIDAD CRUCERO
43%
FELIZ CUMPLEAÑOS FERXXO TE PIRATEAMOS EL ÁLBUM - Aguante
42%
FEATURINGS ft. Tainy, Álvaro Díaz A Mi También
42%
FELIZ CUMPLEAÑOS FERXXO TE PIRATEAMOS EL ÁLBUM - Belixe
42%
FERXXO (VOL 1: M.O.R) - EL CUARTO DE FERXXO
42%
FELIZ CUMPLEAÑOS FERXXO TE PIRATEAMOS EL ÁLBUM - Intro
42%
BAHÍA DUCATI ft. Sech JAMAICA
42%
MANIFESTING 20-05 ft. Yandel No Digas Na
42%
FELIZ CUMPLEAÑOS FERXXO TE PIRATEAMOS EL ÁLBUM - Prohibidox
42%
INTER SHIBUYA - LA MAFIA - JORDAN IV
41%
BAHÍA DUCATI ft. Álvaro Díaz otra vez
41%
FEATURINGS ft. Dalex, Rafa Pabön, KHEA, Sech, Cazzu, Lenny Tavárez Pa Mí - Remix
41%
MOR, NO LE TEMAS A LA OSCURIDAD - VOL. 2
41%
FERXXO (VOL 1: M.O.R) ft. Álvaro Díaz CU U U U UX
39%
FERXXO (VOL 1: M.O.R) ft. Maluma, Sky Rompiendo FRESH KERIAS
39%
FERXXOCALIPSIS - INTERLUDE
39%
SIXDO ft. Zion & Lennox La Pasamos CXBRXN
39%
INTER SHIBUYA - LA MAFIA - TENGO FE
39%
FERXXOCALIPSIS - DESQUITE
38%
INTER SHIBUYA - LA MAFIA - EL PADRINO
38%
MANIFESTING 20-05 ft. Yandel Fecha
38%
FELIZ CUMPLEAÑOS FERXXO TE PIRATEAMOS EL ÁLBUM - La Buena Fai
38%
INTER SHIBUYA (FERXXO EDITION) ft. The Rudeboyz RUDEBOYZ
38%
INTER SHIBUYA - LA MAFIA - XXXX
38%
FEATURINGS ft. Paulo Londra A Veces
37%
FERXXO (VOL 1: M.O.R) - EXCXSXS
37%
BAHÍA DUCATI ft. Ñejo FERXXO X ÑEJO
37%
INTER SHIBUYA - LA MAFIA - 14 De Febrero
36%
BAHÍA DUCATI ft. Zion & Lennox FOTOGRAFÍAS
36%
INTER SHIBUYA - LA MAFIA - HECTOL
36%
INTER SHIBUYA (FERXXO EDITION) ft. Sael MIONCA AL BLOQUE
36%
FERXXO (VOL 1: M.O.R) ft. Sky Rompiendo RELXJXTE
36%
MOR, NO LE TEMAS A LA OSCURIDAD - VENTE CONMIGO
36%
MANIFESTING 20-05 ft. Yandel De Negro
34%
FEATURINGS ft. Totoy El Frio De Tanto Chimbiar
34%
FEATURINGS ft. Lenny Tavárez EMPELOTICA
34%
BAHÍA DUCATI ft. Miky Woodz, Juhn enemigos
34%
FELIZ CUMPLEAÑOS FERXXO TE PIRATEAMOS EL ÁLBUM - Lady Mi Amor
34%
THE ACADEMY ft. Avengers, Wisin, Zion Quizas
34%
FEATURINGS ft. BROKIX, Esteban Rojas, Justin Quiles Sueños Perdidos - Remix
34%
FEATURINGS ft. Brray Te Colaboro
34%
INTER SHIBUYA (FERXXO EDITION) - AMOR DE MI VIDA
33%
BAHÍA DUCATI ft. De La Ghetto BREAK UP
33%
MOR, NO LE TEMAS A LA OSCURIDAD - FERXXO EDITION
33%
INTER SHIBUYA - LA MAFIA - HULU
33%
FEATURINGS ft. Morat Salir Con Vida
33%
BAHÍA DUCATI ft. Dalmata XX - Remix
33%
FERXXO (VOL 1: M.O.R) - AVXNTADXR
32%
SIXDO ft. Jory Boy HOOKIA
32%
FEATURINGS ft. Leebrian, Cauty, Rauw Alejandro, Brray No Fue - Remix
32%
INTER SHIBUYA - LA MAFIA ft. ICON PURRITO APA
32%
19 ft. Sech Sígueme - Remix
32%
FEATURINGS ft. Arcángel Arca 10Mil
30%
INTER SHIBUYA (FERXXO EDITION) - COMMENT
30%
FEATURINGS ft. Jay Wheeler, DJ Nelson Cuando Fue
30%
SINGLES - SORRY 4 THAT MUCH
30%
INTER SHIBUYA - LA MAFIA - TE MATA
30%
INTER SHIBUYA (FERXXO EDITION) - 8 DIAX
29%
FEATURINGS ft. Beéle, Myke Towers Barranquilla Bajo Cero
29%
FEATURINGS ft. Club16, Kris Floyd, Jota Rosa Como Ñengo
29%
FEATURINGS ft. Joyce Santana Ferxxoko
29%
THE ACADEMY ft. Avengers Perreo en La Luna
29%
SINGLES - REMIX EXCLUSIVO
29%
FEATURINGS ft. Natan & Shander, Ryan Castro, Totoy El Frio VIP
28%
MOR, NO LE TEMAS A LA OSCURIDAD - NX TX SIENTAS SOLX
26%
FERXXO (VOL 1: M.O.R) - VIDEITOXX
26%
19 - badwine
25%
19 - dembowpopsexyTROPICAL
25%
MOR, NO LE TEMAS A LA OSCURIDAD - EY CHORY
25%
THE ACADEMY ft. Avengers, Mariah Angeliq Feel Me
25%
FERXXO (VOL 1: M.O.R) - MORXX
25%
FERXXO (VOL 1: M.O.R) - PERREOXOXO
25%
19 - Ron
25%
INTER SHIBUYA - LA MAFIA - COMO CUANDO
24%
FEATURINGS ft. J Balvin Bebé Que Bien Te Ves
22%
THE ACADEMY ft. Avengers, Cazzu Imaginate
22%
FEATURINGS ft. Tezzel Quatro
22%
FEATURINGS ft. Blxst Rewind
22%
FERXXO (VOL 1: M.O.R) - TX VXS
22%
THE ACADEMY ft. Avengers Uniforme
22%
FERXXO (VOL 1: M.O.R) - XNTXS
22%
19 ft. Alizzz Buena Mala
21%
MANIFESTING 20-05 ft. Yandel Pa Janguiar
21%
19 - Quiero
21%
FEATURINGS ft. Sen Senra Wu Wu
21%
FEATURINGS ft. Álvaro Díaz Close Friends
20%
INTER SHIBUYA - LA MAFIA - FERXXO VI
20%
FEATURINGS ft. Blxst, Becky G Rewind - Remix
18%
FEATURINGS ft. Dalex Ron - Remix
18%
19 - FKU
17%
19 - Ven Pa Casa
17%
19 - Con tu Body
16%
FEATURINGS ft. Carmen DeLeon Juegas
16%
FEATURINGS ft. Sky Rompiendo, Jowell & Randy Le Creo
16%
THE ACADEMY ft. Avengers Me pregunta
16%
SINGLES - Mxfix G5
16%
19 - Ven Pa Casa_RGT
16%
FEATURINGS ft. Mahmood, Sfera Ebbasta Dorado
14%
19 - Subiendo
14%
19 - Trampa
14%
SINGLES - confesión
12%
FEATURINGS ft. Sfera Ebbasta Triste
12%
No se encontraron pruebas coincidentes
Distribución de puntuación
Porcentaje de gente con cada puntuación
Porcentaje por número respondido
Historial de tus puntuaciones
No has intentado esta prueba desde el último reinicio